[Event "Winnipeg op"]
[Site "Winnipeg"]
[Date "2019.07.09"]
[Round "5.10"]
[White "Piche, Zachary"]
[Black "Ott, Richard"]
[Result "1-0"]
[WhiteElo "1482"]
[BlackElo "1516"]
[PlyCount "65"]
[EventDate "2019.06.04"]
[EventType "swiss"]
[EventRounds "8"]
[EventCountry "CAN"]
[SourceTitle "EXT 2023"]
[Source "ChessBase"]
[SourceDate "2022.10.05"]
[SourceVersion "1"]
[SourceVersionDate "2022.10.05"]
[SourceQuality "1"]

1. Nf3 Nf6 2. c4 e6 3. Nc3 d5 4. d4 c5 5. e3 Nc6 6. Bd2 cxd4 7. Nxd4 Be7 8. Nxc6 bxc6 9. cxd5 cxd5 10. Be2 0-0 11. 0-0 Bd7 12. Bf3 Rb8 13. Qc2 Qb6 14. Rab1 Rfc8 15. Qd1 Bc6 16. Ne2 e5 17. g3 e4 18. Bg2 Bb5 19. Re1 Ng4 20. h3 Ne5 21. Nf4 Qd6 22. Bc3 Bd3 23. Bxe5 Qxe5 24. Nxd3 exd3 25. Qxd3 Rxb2 26. Rxb2 Qxb2 27. Qxd5 Rd8 28. Qe4 Bb4 29. Rb1 Qxa2 30. Qxb4 a5 31. Qb6 Qd2 32. Bf3 g6 33. Rd1 1-0

[Event "Winnipeg op"]
[Site "Winnipeg"]
[Date "2019.06.25"]
[Round "4.10"]
[White "Lei, Yanyu"]
[Black "Piche, Zachary"]
[Result "1/2-1/2"]
[WhiteElo "1574"]
[BlackElo "1482"]
[PlyCount "118"]
[EventDate "2019.06.04"]
[EventType "swiss"]
[EventRounds "8"]
[EventCountry "CAN"]
[SourceTitle "EXT 2023"]
[Source "ChessBase"]
[SourceDate "2022.10.05"]
[SourceVersion "1"]
[SourceVersionDate "2022.10.05"]
[SourceQuality "1"]

1. d4 Nf6 2. c4 e6 3. Nc3 Bb4 4. Bf4 0-0 5. e3 c5 6. Nf3 d5 7. cxd5 Nxd5 8. Qb3 Qa5 9. Rc1 Nc6 10. Bd6 Rd8 11. Bxc5 Bxc5 12. dxc5 Qxc5 13. Bc4 Na5 14. Qb5 Qxc4 15. Qxa5 b6 16. Qb5 Qb4 17. 0-0 Bb7 18. Nd4 Qd6 19. Rfd1 Rac8 20. Nxd5 Qxd5 21. Qxd5 Bxd5 22. b3 Kf8 23. f3 Ke7 24. Nb5 a6 25. Nc3 Bb7 26. Rxd8 Rxd8 27. Na4 b5 28. Rc7+ Rd7 29. Rxd7+ Kxd7 30. Nc5+ Kc7 31. Nxb7 Kxb7 32. Kf2 Kc7 33. Ke2 Kd6 34. Kd3 h6 35. h3 Kc5 36. a3 Kd5 37. g3 f6 38. e4+ Kc5 39. Kc3 e5 40. h4 g6 41. f4 exf4 42. gxf4 a5 43. b4+ axb4+ 44. axb4+ Kd6 45. Kd4 g5 46. e5+ fxe5+ 47. fxe5+ Kc6 48. hxg5 hxg5 49. Ke4 g4 50. e6 Kd6 51. Kf5 g3 52. Kf6 g2 53. e7 g1Q 54. e8Q Qf2+ 55. Kg7 Qd4+ 56. Kg8 Qg4+ 57. Kh7 Qh4+ 58. Kg8 Qg5+ 59. Kh8 Qh6+ 1/2-1/2

[Event "Winnipeg op"]
[Site "Winnipeg"]
[Date "2019.06.18"]
[Round "3.10"]
[White "Piche, Zachary"]
[Black "Remillard, John"]
[Result "1/2-1/2"]
[WhiteElo "1482"]
[BlackElo "1602"]
[PlyCount "125"]
[EventDate "2019.06.04"]
[EventType "swiss"]
[EventRounds "8"]
[EventCountry "CAN"]
[SourceTitle "EXT 2023"]
[Source "ChessBase"]
[SourceDate "2022.10.05"]
[SourceVersion "1"]
[SourceVersionDate "2022.10.05"]
[SourceQuality "1"]

1. Nf3 g6 2. c4 Bg7 3. g3 b6 4. Bg2 Bb7 5. Nc3 e5 6. d3 Ne7 7. 0-0 0-0 8. Rb1 d5 9. cxd5 Nxd5 10. Bd2 Re8 11. a3 Nxc3 12. Bxc3 e4 13. dxe4 Bxc3 14. bxc3 Bxe4 15. Rc1 Na6 16. Qa4 Nc5 17. Qb4 a5 18. Qc4 Bd5 19. Qf4 Ne6 20. Qd2 Bxf3 21. Qxd8 Raxd8 22. Bxf3 Ng5 23. Rfd1 Kg7 24. h4 Ne6 25. Kf1 Rxd1+ 26. Rxd1 Rd8 27. e3 Rxd1+ 28. Bxd1 Nc5 29. Ke2 Kf6 30. f3 g5 31. hxg5+ Kxg5 32. Bc2 h5 33. e4 f6 34. Ke3 Ne6 35. Bd1 c5 36. f4+ Kh6 37. Be2 Nc7 38. c4 Ne6 39. e5 fxe5 40. fxe5 Kg5 41. Ke4 Nd4 42. Bd1 Nf5 43. Kf3 h4 44. gxh4+ Kxh4 45. Ke4 Kg5 46. Ba4 Ne7 47. Bb5 Kg6 48. a4 Kf7 49. Bd7 Kg6 50. Kf4 Kf7 51. e6+ Kf6 52. Ke4 Nf5 53. Kd5 Ne3+ 54. Kc6 Nxc4 55. Kc7 Ke5 56. Bb5 Nd6 57. Kxb6 c4 58. Kxa5 c3 59. Bd3 Kxe6 60. Kb4 Kd5 61. Kxc3 Kc5 62. Kb3 Nb7 63. a5 1/2-1/2

[Event "Winnipeg op"]
[Site "Winnipeg"]
[Date "2019.06.04"]
[Round "1.8"]
[White "Piche, Zachary"]
[Black "Bince, Rolando"]
[Result "1/2-1/2"]
[WhiteElo "1428"]
[BlackElo "1928"]
[PlyCount "105"]
[EventDate "2019.06.04"]
[EventType "swiss"]
[EventRounds "8"]
[EventCountry "CAN"]
[SourceTitle "EXT 2023"]
[Source "ChessBase"]
[SourceDate "2022.10.05"]
[SourceVersion "1"]
[SourceVersionDate "2022.10.05"]
[SourceQuality "1"]

1. Nf3 d5 2. c4 d4 3. d3 c5 4. g3 g6 5. Bg2 Bg7 6. 0-0 Nc6 7. Qc2 Nf6 8. e3 0-0 9. exd4 cxd4 10. Nbd2 Bg4 11. Re1 Qc7 12. Rb1 a5 13. Nb3 e5 14. Bg5 Nd7 15. Nc1 Rfe8 16. a3 Bf8 17. Bd2 a4 18. Na2 Nc5 19. Nb4 Nxb4 20. Bxb4 Ra6 21. Nxd4 Qc8 22. Nb5 Bg7 23. Bxc5 Qxc5 24. Bxb7 Rb6 25. d4 Qe7 26. Bg2 Rc8 27. Qxa4 Qd8 28. dxe5 Bf8 29. h3 Be6 30. b3 Qg5 31. Rbd1 Rd8 32. Nc7 Rbb8 33. h4 Qf5 34. Nxe6 fxe6 35. b4 Qg4 36. Qb3 Qf5 37. Qb1 Qg4 38. Qc2 Rbc8 39. c5 Be7 40. c6 Rxd1 41. Rxd1 Rxc6 42. Qxc6 Qxd1+ 43. Kh2 Kf7 44. Qf3+ Qxf3 45. Bxf3 Bf8 46. Kg2 Bg7 47. Bg4 Bxe5 48. a4 Bc3 49. b5 Ba5 50. Kf3 Ke7 51. Ke2 Kd6 52. Kf3 Kd5 53. Ke2 1/2-1/2

[Event "Winnipeg Woodbury Memorial"]
[Site "Winnipeg"]
[Date "2018.12.11"]
[Round "6.13"]
[White "Piche, Zachary"]
[Black "Myrzaibraimova, Aibike"]
[Result "1-0"]
[WhiteElo "1550"]
[BlackElo "1419"]
[PlyCount "39"]
[EventDate "2018.11.06"]
[EventType "swiss"]
[EventRounds "7"]
[EventCountry "CAN"]
[SourceTitle "EXT 2022"]
[Source "ChessBase"]
[SourceDate "2021.10.06"]
[SourceVersion "1"]
[SourceVersionDate "2021.10.06"]
[SourceQuality "1"]

1. Nf3 d5 2. c4 Nf6 3. cxd5 Qxd5 4. Nc3 Qa5 5. d4 Bf5 6. g3 e6 7. Bg2 Bd6 8. 0-0 0-0 9. Bd2 Nbd7 10. e4 Bg4 11. e5 Nxe5 12. dxe5 Bxe5 13. h3 Bxf3 14. Bxf3 Qb6 15. Qc2 Bxg3 16. Be3 Qd6 17. fxg3 Qxg3+ 18. Qg2 Qe5 19. Rfe1 Rfd8 20. Bxb7 1-0

[Event "Winnipeg Woodbury Memorial"]
[Site "Winnipeg"]
[Date "2018.11.13"]
[Round "2.8"]
[White "Piche, Zachary"]
[Black "Flynn, Darren"]
[Result "1/2-1/2"]
[WhiteElo "1550"]
[BlackElo "1326"]
[PlyCount "115"]
[EventDate "2018.11.06"]
[EventType "swiss"]
[EventRounds "7"]
[EventCountry "CAN"]
[SourceTitle "EXT 2022"]
[Source "ChessBase"]
[SourceDate "2021.10.06"]
[SourceVersion "1"]
[SourceVersionDate "2021.10.06"]
[SourceQuality "1"]

1. Nf3 Nc6 2. c4 e5 3. d3 Bb4+ 4. Bd2 Bxd2+ 5. Qxd2 d6 6. Nc3 Nf6 7. g3 0-0 8. Bg2 h6 9. 0-0 Ne7 10. b4 c6 11. b5 Rb8 12. Rab1 Be6 13. a4 Qa5 14. Qc2 a6 15. Nd2 axb5 16. axb5 Nd7 17. Nde4 d5 18. cxd5 cxd5 19. Nd2 Rfc8 20. Rb3 d4 21. Nc4 Bxc4 22. dxc4 dxc3 23. Bh3 Rd8 24. Rd1 Nc5 25. Rxd8+ Rxd8 26. Rxc3 Nc8 27. Re3 Qa1+ 28. Kg2 e4 29. f3 Nd6 30. Qd2 Qf6 31. Qd5 b6 32. fxe4 Nxb5 33. Qh5 Nd6 34. e5 Qe7 35. e6 Nxc4 36. exf7+ Qxf7 37. Qxf7+ Kxf7 38. Rf3+ Kg8 39. Bf5 Rb8 40. e4 Nd2 41. Re3 b5 42. e5 Kf8 43. e6 Ke7 44. Re2 Nc4 45. Kf3 b4 46. Rc2 Ne5+ 47. Ke3 Rb5 48. Kd4 b3 49. Rxc5 Rxc5 50. Kxc5 b2 51. Kd5 Nf3 52. h4 Nd2 53. g4 b1Q 54. Bxb1 Nxb1 55. g5 hxg5 56. hxg5 Nd2 57. Ke5 Nf3+ 58. Kf5 1/2-1/2

[Event "Winnipeg op"]
[Site "Winnipeg"]
[Date "2018.06.26"]
[Round "4"]
[White "Piche, Zachary"]
[Black "Tarasoff, Shawn"]
[Result "1-0"]
[WhiteElo "1430"]
[BlackElo "1796"]
[PlyCount "76"]
[EventDate "2018.06.05"]
[EventType "swiss"]
[EventRounds "8"]
[EventCountry "CAN"]
[SourceTitle "EXT 2022"]
[Source "ChessBase"]
[SourceDate "2021.10.06"]
[SourceVersion "1"]
[SourceVersionDate "2021.10.06"]
[SourceQuality "1"]

1. Nf3 d5 2. c4 e6 3. e3 Nc6 4. d4 Nf6 5. Nc3 Be7 6. Bd2 b6 7. cxd5 Nxd5 8. e4 Nf6 9. Bb5 Bd7 10. Bf4 a6 11. Bd3 0-0 12. 0-0 Nb4 13. Bc4 c5 14. d5 exd5 15. exd5 Re8 16. a3 b5 17. d6 Bf8 18. Bxf7+ Kxf7 19. axb4 cxb4 20. Qb3+ Be6 21. Ng5+ Kg6 22. Nxe6 Rxe6 23. Qxe6 bxc3 24. h4 h5 25. bxc3 Qb6 26. Be5 Re8 27. Qh3 Rxe5 28. Qg3+ Kf5 29. Rfe1 Ng4 30. Qf3+ Kg6 31. Qxf8 Rf5 32. Re6+ Nf6 33. Rf1 a5 34. d7 Qxe6 35. d8Q Ng4 36. Qde8+ Qxe8 37. Qxe8+ Kh7 38. f3 Nf6 1-0

[Event "Winnipeg TNT March op"]
[Site "Winnipeg"]
[Date "2018.03.13"]
[Round "2"]
[White "Magyar, Peter"]
[Black "Piche, Zachary"]
[Result "1-0"]
[WhiteElo "1524"]
[BlackElo "1423"]
[PlyCount "65"]
[EventDate "2018.03.06"]
[EventType "swiss"]
[EventRounds "4"]
[EventCountry "CAN"]
[SourceTitle "EXT 2022"]
[Source "ChessBase"]
[SourceDate "2021.10.06"]
[SourceVersion "1"]
[SourceVersionDate "2021.10.06"]
[SourceQuality "1"]

1. d4 Nf6 2. Bf4 e6 3. e3 b6 4. Be2 Bb7 5. Nf3 c5 6. c3 Nc6 7. 0-0 Be7 8. h3 0-0 9. Nbd2 Rc8 10. Rc1 cxd4 11. cxd4 d5 12. a3 Bd6 13. Ne5 Ne4 14. Ndf3 f6 15. Nd3 g5 16. Bh2 Kh8 17. Nd2 Nxd2 18. Qxd2 Bxh2+ 19. Kxh2 Qd6+ 20. f4 Rg8 21. b4 gxf4 22. Nxf4 e5 23. dxe5 fxe5 24. Qxd5 Qxd5 25. Nxd5 Nxb4 26. Rxc8 Nxd5 27. Rxg8+ Kxg8 28. Bc4 Kg7 29. Bxd5 Bxd5 30. Rd1 Bc6 31. Rc1 Bd5 32. Rc7+ Kg6 33. Rxa7 1-0

[Event "Winnipeg TNT March op"]
[Site "Winnipeg"]
[Date "2018.03.06"]
[Round "1"]
[White "Letain, Cory"]
[Black "Piche, Zachary"]
[Result "1-0"]
[WhiteElo "1714"]
[BlackElo "1423"]
[PlyCount "83"]
[EventDate "2018.03.06"]
[EventType "swiss"]
[EventRounds "4"]
[EventCountry "CAN"]
[SourceTitle "EXT 2022"]
[Source "ChessBase"]
[SourceDate "2021.10.06"]
[SourceVersion "1"]
[SourceVersionDate "2021.10.06"]
[SourceQuality "1"]

1. e4 c5 2. Nf3 d6 3. d4 cxd4 4. Nxd4 Nf6 5. Nc3 a6 6. f3 e5 7. Nb3 Be6 8. Be3 Nbd7 9. Qd2 b5 10. 0-0-0 Rc8 11. Kb1 Be7 12. g4 Nb6 13. g5 Nfd7 14. h4 Nc4 15. Bxc4 bxc4 16. Nc1 Rb8 17. Nd5 Bxd5 18. exd5 Qc7 19. Ka1 Qb7 20. b3 cxb3 21. cxb3 Nb6 22. Qb4 a5 23. Qxb6 Qxb6 24. Bxb6 Rxb6 25. Ne2 h6 26. Rc1 Kd7 27. gxh6 Rxh6 28. Rc4 Bf6 29. Kb1 g5 30. h5 Bg7 31. Ng3 Rh7 32. Rhc1 Rb7 33. Rc6 a4 34. Nf5 Bf8 35. h6 axb3 36. a3 Be7 37. Kb2 Rh8 38. Nxe7 Kxe7 39. Rc7+ Rxc7 40. Rxc7+ Kf6 41. Rd7 Rxh6 42. Rxd6+ 1-0

[Event "Winnipeg TNT January op"]
[Site "Winnipeg"]
[Date "2018.01.23"]
[Round "3"]
[White "Piche, Zachary"]
[Black "Magyar, Peter"]
[Result "0-1"]
[WhiteElo "1344"]
[BlackElo "1506"]
[PlyCount "52"]
[EventDate "2018.01.09"]
[EventType "swiss"]
[EventRounds "4"]
[EventCountry "CAN"]
[SourceTitle "EXT 2022"]
[Source "ChessBase"]
[SourceDate "2021.10.06"]
[SourceVersion "1"]
[SourceVersionDate "2021.10.06"]
[SourceQuality "1"]

1. Nf3 Nf6 2. c4 c5 3. g3 e6 4. Bg2 Be7 5. 0-0 d6 6. d3 0-0 7. Nc3 a6 8. Bd2 Nbd7 9. Qb3 Rb8 10. e3 h6 11. d4 cxd4 12. exd4 b6 13. Bf4 Nh5 14. Be3 Bb7 15. Ne2 b5 16. cxb5 axb5 17. Qxb5 Bxf3 18. Qd3 Bxg2 19. Kxg2 Rxb2 20. Qc3 Qa8+ 21. Kg1 Rxe2 22. Qc7 Nhf6 23. Bf4 Rxa2 24. Rxa2 Qxa2 25. Bxd6 Bxd6 26. Qxd6 Qa8 0-1

[Event "Winnipeg TNT January op"]
[Site "Winnipeg"]
[Date "2018.01.16"]
[Round "2"]
[White "Piche, Zachary"]
[Black "Furda, Evheniya Diana"]
[Result "0-1"]
[WhiteElo "1344"]
[BlackElo "1597"]
[PlyCount "64"]
[EventDate "2018.01.09"]
[EventType "swiss"]
[EventRounds "4"]
[EventCountry "CAN"]
[SourceTitle "EXT 2022"]
[Source "ChessBase"]
[SourceDate "2021.10.06"]
[SourceVersion "1"]
[SourceVersionDate "2021.10.06"]
[SourceQuality "1"]

1. Nf3 Nf6 2. c4 g6 3. g3 Bg7 4. Bg2 d6 5. 0-0 0-0 6. d4 Nbd7 7. Bf4 Nb6 8. Qc2 Bf5 9. Qb3 d5 10. Nbd2 dxc4 11. Nxc4 Be6 12. d5 Bxd5 13. Rfd1 Nxc4 14. Qc2 Nd6 15. Bg5 Bc6 16. Qc1 Ba4 17. Re1 Qd7 18. Bh6 Qc6 19. Qxc6 Bxc6 20. Bxg7 Kxg7 21. Rac1 Rad8 22. Ne5 Bxg2 23. Kxg2 c6 24. Rc3 Nb5 25. Rb3 Nd7 26. Nc4 Nc5 27. Rb4 Rd4 28. e3 Rd5 29. a4 Nd3 30. Rxb5 Nxe1+ 31. Kf1 cxb5 32. Kxe1 bxc4 0-1

[Event "Winnipeg Rosenbloom Memorial"]
[Site "Winnipeg"]
[Date "2017.12.12"]
[Round "6"]
[White "Reimer, Bruce"]
[Black "Piche, Zachary"]
[Result "0-1"]
[WhiteElo "1607"]
[BlackElo "1344"]
[PlyCount "116"]
[EventDate "2017.11.07"]
[EventType "swiss"]
[EventRounds "7"]
[EventCountry "CAN"]
[SourceTitle "EXT 2022"]
[Source "ChessBase"]
[SourceDate "2021.10.06"]
[SourceVersion "1"]
[SourceVersionDate "2021.10.06"]
[SourceQuality "1"]

1. c4 c5 2. g3 g6 3. Bg2 Bg7 4. Nc3 Nc6 5. a3 a5 6. e4 Nf6 7. Nge2 0-0 8. 0-0 d6 9. d3 Bd7 10. h3 Qb6 11. Rb1 Qc7 12. f4 e6 13. Nb5 Qb8 14. Kh2 d5 15. a4 Nb4 16. cxd5 exd5 17. e5 Ne8 18. Nec3 d4 19. Nd5 Bxb5 20. axb5 Nxd5 21. Bxd5 Nc7 22. Bc4 Qe8 23. b6 Na6 24. Qf3 Qc6 25. Qxc6 bxc6 26. Bd2 Nb4 27. e6 Nd5 28. exf7+ Rxf7 29. Ra1 a4 30. Rfe1 Rb7 31. b3 Rxb6 32. bxa4 Rb2 33. Re2 Kf8 34. Kg2 Ne3+ 35. Kf3 Nxc4 36. dxc4 d3 37. Rg2 Rxd2 38. Rxd2 Bxa1 39. Ra2 Bd4 40. a5 Ke7 41. a6 Ra7 42. Ra3 d2 43. Ke2 d1Q+ 44. Kxd1 Kd7 45. Ra2 Kc7 46. Re2 Kb6 47. Re6 Rxa6 48. Re7 Ra7 49. Re6 Ra4 50. Re7 Rxc4 51. Rxh7 Ra4 52. Rh6 c4 53. Rxg6 c3 54. f5 Rc4 55. Kc2 Ra4 56. f6 Ra2+ 57. Kc1 c2 58. f7 Be3# 0-1

[Event "Winnipeg Rosenbloom Memorial"]
[Site "Winnipeg"]
[Date "2017.11.07"]
[Round "1"]
[White "Czypinski, Jaroslaw"]
[Black "Piche, Zachary"]
[Result "1-0"]
[WhiteElo "1933"]
[BlackElo "1344"]
[PlyCount "59"]
[EventDate "2017.11.07"]
[EventType "swiss"]
[EventRounds "7"]
[EventCountry "CAN"]
[SourceTitle "EXT 2022"]
[Source "ChessBase"]
[SourceDate "2021.10.06"]
[SourceVersion "1"]
[SourceVersionDate "2021.10.06"]
[SourceQuality "1"]

1. e4 c5 2. d4 cxd4 3. c3 Nf6 4. e5 Nd5 5. Nf3 Nc6 6. Bc4 Qa5 7. 0-0 Nb6 8. b4 Qa4 9. Bb3 Qb5 10. a4 Qa6 11. b5 Qa5 12. bxc6 bxc6 13. cxd4 e6 14. Ba3 Bxa3 15. Nxa3 0-0 16. Nc4 Nxc4 17. Bxc4 Ba6 18. Qd2 Qxd2 19. Nxd2 Bb7 20. Ne4 d5 21. Nd6 dxc4 22. Nxb7 f6 23. f4 c5 24. Nxc5 fxe5 25. Nxe6 Rfc8 26. fxe5 c3 27. d5 Rab8 28. Rac1 Rb7 29. Rxc3 Rxc3 30. Rf8# 1-0

[Event "Winnipeg TNT October op"]
[Site "Winnipeg"]
[Date "2017.10.10"]
[Round "2"]
[White "Piche, Zachary"]
[Black "Remillard, John"]
[Result "0-1"]
[WhiteElo "1370"]
[BlackElo "1574"]
[PlyCount "70"]
[EventDate "2017.10.03"]
[EventType "swiss"]
[EventRounds "4"]
[EventCountry "CAN"]
[SourceTitle "EXT 2022"]
[Source "ChessBase"]
[SourceDate "2021.10.06"]
[SourceVersion "1"]
[SourceVersionDate "2021.10.06"]
[SourceQuality "1"]

1. Nf3 b6 2. g3 Bb7 3. Bg2 e5 4. d3 Bc5 5. 0-0 d6 6. Bd2 b5 7. c4 b4 8. Qa4+ Qd7 9. Qxd7+ Nxd7 10. Be3 Ne7 11. Bxc5 Nxc5 12. Nbd2 0-0 13. Nb3 Nxb3 14. axb3 Nf5 15. Ra2 a6 16. g4 Ne7 17. d4 exd4 18. Nxd4 Bxg2 19. Kxg2 c5 20. Nf3 a5 21. Rd1 Rfd8 22. Ng5 d5 23. h3 h6 24. Nf3 f6 25. e3 Kf7 26. Kg3 g5 27. cxd5 Rxd5 28. Rxd5 Nxd5 29. Nd2 Nb6 30. Ne4 c4 31. Nd6+ Ke6 32. Nxc4 Nxc4 33. bxc4 a4 34. f4 a3 35. h4 b3 0-1

[Event "Winnipeg TNT September op"]
[Site "Winnipeg"]
[Date "2017.09.19"]
[Round "3"]
[White "Piche, Zachary"]
[Black "Remillard, John"]
[Result "0-1"]
[WhiteElo "1393"]
[BlackElo "1624"]
[PlyCount "122"]
[EventDate "2017.09.05"]
[EventType "swiss"]
[EventRounds "4"]
[EventCountry "CAN"]
[SourceTitle "EXT 2022"]
[Source "ChessBase"]
[SourceDate "2021.10.06"]
[SourceVersion "1"]
[SourceVersionDate "2021.10.06"]
[SourceQuality "1"]

1. Nf3 b6 2. g3 Bb7 3. Bg2 e5 4. d3 Bc5 5. 0-0 Qe7 6. c4 Nf6 7. Nc3 0-0 8. a3 e4 9. dxe4 Nxe4 10. Nxe4 Bxe4 11. b4 Bd6 12. Bb2 c6 13. Qd4 f6 14. Rfd1 Bc7 15. h4 d5 16. cxd5 Bxd5 17. g4 Rd8 18. Qc3 Nd7 19. Rxd5 cxd5 20. Qxc7 Qxe2 21. Qc3 Rac8 22. Qd4 Kf8 23. g5 Ne5 24. Nxe5 fxe5 25. Qxe5 Qxe5 26. Bxe5 d4 27. Rd1 d3 28. Bf4 Rc4 29. Be3 Rxh4 30. Bf1 d2 31. Rxd2 Rxd2 32. Bxd2 Rd4 33. Be3 Rd1 34. Kg2 Ra1 35. Bd3 g6 36. Kg3 Rxa3 37. Be2 Rb3 38. b5 Rb4 39. Bf4 Rb3+ 40. Be3 Kg7 41. Kf4 h5 42. gxh6+ Kxh6 43. Kg4+ Kg7 44. Bd4+ Kh7 45. Kf4 Rb4 46. Ke5 g5 47. Be3 Kg6 48. Kd6 Kf5 49. Kc7 g4 50. Kb7 Rb2 51. Bd3+ Ke5 52. Kxa7 Rb3 53. Be2 g3 54. Bf1 gxf2 55. Bxb6 Rb1 56. Bc7+ Kd5 57. b6 Rxf1 58. Bg3 Ra1+ 59. Kb7 f1Q 60. Kc7 Qf7+ 61. Kc8 Ra8+ 0-1

[Event "Winnipeg TNT September op"]
[Site "Winnipeg"]
[Date "2017.09.05"]
[Round "1"]
[White "Piche, Zachary"]
[Black "Evans, Jason"]
[Result "0-1"]
[WhiteElo "1393"]
[BlackElo "1645"]
[PlyCount "102"]
[EventDate "2017.09.05"]
[EventType "swiss"]
[EventRounds "4"]
[EventCountry "CAN"]
[SourceTitle "EXT 2022"]
[Source "ChessBase"]
[SourceDate "2021.10.06"]
[SourceVersion "1"]
[SourceVersionDate "2021.10.06"]
[SourceQuality "1"]

1. Nf3 d5 2. c4 c6 3. Nc3 Nf6 4. d4 Bf5 5. g3 e6 6. Bf4 Bd6 7. Ne5 Bxe5 8. Bxe5 Nbd7 9. Bd6 Nb6 10. c5 Nc4 11. Qb3 Nxd6 12. cxd6 b6 13. Bg2 Qxd6 14. 0-0 0-0 15. f3 Rfc8 16. Qd1 Qd7 17. e4 dxe4 18. fxe4 Bg4 19. Qd3 Rd8 20. e5 Nd5 21. Nxd5 cxd5 22. Rac1 Rdc8 23. Bf3 Bf5 24. Qb3 Rc7 25. Rc3 Rxc3 26. Qxc3 Rc8 27. Qd2 Rc2 28. Qb4 Qc7 29. Qd6 h6 30. Rf2 Rc6 31. Qb4 Rc4 32. Qd6 Rc6 33. Qb4 a5 34. Qb3 Rc4 35. Qe3 Bh3 36. Bg2 Rc1+ 37. Bf1 Qc4 38. Qf3 Bxf1 39. Rxf1 Qxd4+ 40. Kg2 Rxf1 41. Qxf1 Qxe5 42. Qf2 Qd6 43. b3 d4 44. Qd2 d3 45. Qe1 d2 46. Qd1 Qd4 47. Kh3 f5 48. a3 Qg4+ 49. Qxg4 fxg4+ 50. Kxg4 d1Q+ 51. Kf4 Qxb3 0-1

[Event "Winnipeg op"]
[Site "Winnipeg"]
[Date "2017.07.25"]
[Round "8"]
[White "Jenkins, Mark"]
[Black "Piche, Zachary"]
[Result "1/2-1/2"]
[WhiteElo "1409"]
[BlackElo "1456"]
[PlyCount "72"]
[EventDate "2017.06.06"]
[EventType "swiss"]
[EventRounds "8"]
[EventCountry "CAN"]
[SourceTitle "EXT 2022"]
[Source "ChessBase"]
[SourceDate "2021.10.06"]
[SourceVersion "1"]
[SourceVersionDate "2021.10.06"]
[SourceQuality "1"]

1. d4 Nf6 2. c4 e6 3. Nf3 b6 4. Bg5 Bb7 5. e3 h6 6. Bh4 Be7 7. Bxf6 Bxf6 8. g3 c5 9. Bg2 Nc6 10. 0-0 0-0 11. Nc3 cxd4 12. exd4 Rc8 13. b3 Qe7 14. Re1 g5 15. Rc1 Kh8 16. Qd2 Kg7 17. Rcd1 h5 18. Ne4 g4 19. Nxf6 Qxf6 20. Qg5+ Qg6 21. Qxg6+ fxg6 22. Ng5 Rf5 23. h4 gxh3 24. Nxh3 g5 25. Be4 Ra5 26. Re2 g4 27. Nf4 Rg5 28. d5 exd5 29. Rxd5 Ne5 30. Rd4 Bxe4 31. Rdxe4 Nf3+ 32. Kg2 h4 33. gxh4 Nxh4+ 34. Kg3 Nf5+ 35. Kg2 Nh4+ 36. Kf1 Nf5 1/2-1/2

[Event "Canadian op U1800"]
[Site "Sault Ste Marie"]
[Date "2017.07.13"]
[Round "6.51"]
[White "Jacobs, Michael"]
[Black "Piche, Zachary"]
[Result "1-0"]
[WhiteElo "1603"]
[BlackElo "1456"]
[PlyCount "41"]
[EventDate "2017.07.08"]
[EventType "swiss"]
[EventRounds "9"]
[EventCountry "CAN"]
[SourceTitle "EXT 2022"]
[Source "ChessBase"]
[SourceDate "2021.10.06"]
[SourceVersion "1"]
[SourceVersionDate "2021.10.06"]
[SourceQuality "1"]

1. e4 c5 2. Nc3 d6 3. f4 Nf6 4. Nf3 g6 5. Bb5+ Bd7 6. Bxd7+ Qxd7 7. d3 Bg7 8. 0-0 Nc6 9. Bd2 0-0 10. Ne2 Rab8 11. Ng3 b5 12. Qc1 e6 13. e5 dxe5 14. fxe5 Nd5 15. Bh6 Qc7 16. c4 Bxh6 17. Qxh6 bxc4 18. Ng5 Rfd8 19. Qxh7+ Kf8 20. Rxf7+ Ke8 21. Qg8# 1-0

[Event "Winnipeg TNT April op"]
[Site "Winnipeg"]
[Date "2017.04.25"]
[Round "4"]
[White "Schwartz, Elazar"]
[Black "Piche, Zachary"]
[Result "0-1"]
[WhiteElo "719"]
[BlackElo "1350"]
[PlyCount "70"]
[EventDate "2017.04.04"]
[EventType "swiss"]
[EventRounds "4"]
[EventCountry "CAN"]
[SourceTitle "EXT 2022"]
[Source "ChessBase"]
[SourceDate "2021.10.06"]
[SourceVersion "1"]
[SourceVersionDate "2021.10.06"]
[SourceQuality "1"]

1. d4 Nf6 2. Bg5 e6 3. e4 h6 4. Bf4 Nxe4 5. Bd3 Nf6 6. Nc3 Bb4 7. Nge2 Nc6 8. 0-0 0-0 9. Nb5 d6 10. c3 Ba5 11. b4 Bb6 12. c4 Nxb4 13. c5 dxc5 14. dxc5 Ba5 15. Qa4 Nxd3 16. Rfd1 c6 17. Qa3 cxb5 18. Rxd3 Qe7 19. Bd6 Qe8 20. Bxf8 Qxf8 21. Qxa5 Kh7 22. Rd8 Qxc5 23. Rc1 Qf5 24. Rcxc8 b6 25. Qa6 Rxc8 26. Rxc8 Ne4 27. f3 Nf6 28. Nd4 Qb1+ 29. Kf2 Qb2+ 30. Rc2 Qxd4+ 31. Kg3 Nh5+ 32. Kh3 g5 33. g4 Nf4+ 34. Kg3 Qg1+ 35. Rg2 Qxg2# 0-1

[Event "Winnipeg TNT April op"]
[Site "Winnipeg"]
[Date "2017.04.18"]
[Round "3"]
[White "Maione, Noah"]
[Black "Piche, Zachary"]
[Result "1-0"]
[WhiteElo "1625"]
[BlackElo "1350"]
[PlyCount "83"]
[EventDate "2017.04.04"]
[EventType "swiss"]
[EventRounds "4"]
[EventCountry "CAN"]
[SourceTitle "EXT 2022"]
[Source "ChessBase"]
[SourceDate "2021.10.06"]
[SourceVersion "1"]
[SourceVersionDate "2021.10.06"]
[SourceQuality "1"]

1. e4 c5 2. Nf3 d6 3. Nc3 Nf6 4. Bb5+ Bd7 5. Bxd7+ Qxd7 6. d3 g6 7. 0-0 Bg7 8. h3 Nc6 9. Bf4 0-0 10. e5 dxe5 11. Bxe5 Nxe5 12. Nxe5 Qd6 13. Re1 Nd5 14. Nb5 Qe6 15. Nc4 Qd7 16. Qf3 Nb4 17. Nba3 e6 18. c3 Nd5 19. Nc2 Nxc3 20. d4 Na4 21. dxc5 Nxc5 22. Red1 Qc7 23. Rab1 Rfd8 24. b4 Nd7 25. N2e3 Nf6 26. Rbc1 Qe7 27. Na5 Qxb4 28. Nxb7 Rxd1+ 29. Rxd1 Rb8 30. Nd6 Rd8 31. Nec4 Bf8 32. Qxf6 Rxd6 33. Nxd6 Bxd6 34. Qd8+ Bf8 35. Qc7 Qa4 36. Rd7 Qe4 37. Rxf7 Qh4 38. Rf4 Qh6 39. Qf7+ Kh8 40. Qxf8+ Qxf8 41. Rxf8+ Kg7 42. Ra8 1-0

[Event "Winnipeg TNT April op"]
[Site "Winnipeg"]
[Date "2017.04.11"]
[Round "2"]
[White "Piche, Zachary"]
[Black "Gannon, Keith"]
[Result "1/2-1/2"]
[WhiteElo "1350"]
[BlackElo "1606"]
[PlyCount "86"]
[EventDate "2017.04.04"]
[EventType "swiss"]
[EventRounds "4"]
[EventCountry "CAN"]
[SourceTitle "EXT 2022"]
[Source "ChessBase"]
[SourceDate "2021.10.06"]
[SourceVersion "1"]
[SourceVersionDate "2021.10.06"]
[SourceQuality "1"]

1. d4 d5 2. c4 e6 3. Nc3 Nf6 4. Bg5 Be7 5. Nf3 0-0 6. e3 c6 7. Qc2 Nbd7 8. cxd5 Nxd5 9. Bxe7 Qxe7 10. Nxd5 cxd5 11. Bd3 g6 12. 0-0 Nf6 13. Ne5 Bd7 14. Qb3 Rab8 15. Rac1 Rfc8 16. h3 a6 17. Rxc8+ Rxc8 18. Qxb7 Qe8 19. Nxd7 Qxd7 20. Qxa6 Qd8 21. Qa3 Ra8 22. Qb3 Rb8 23. Qc2 Rc8 24. Qd2 Ra8 25. a3 Nd7 26. Rc1 Nb6 27. Bb5 h5 28. Bc6 Rc8 29. Bb5 Rxc1+ 30. Qxc1 h4 31. Qc3 g5 32. a4 f5 33. Qc6 Nc8 34. b4 g4 35. hxg4 fxg4 36. Be2 g3 37. Bg4 gxf2+ 38. Kxf2 Qf6+ 39. Bf3 Ne7 40. Qd6 Nf5 41. Qe5 Qg6 42. a5 Ng3 43. b5 Qc2+ 1/2-1/2